<?xml version="1.0" encoding="UTF-8"?><?xml-stylesheet type="text/xsl" href="static/style.xsl"?><OAI-PMH xmlns="http://www.openarchives.org/OAI/2.0/" xmlns:xsi="http://www.w3.org/2001/XMLSchema-instance" xsi:schemaLocation="http://www.openarchives.org/OAI/2.0/ http://www.openarchives.org/OAI/2.0/OAI-PMH.xsd"><responseDate>2026-04-17T22:55:27Z</responseDate><request verb="GetRecord" identifier="oai:www.recercat.cat:10230/33115" metadataPrefix="marc">https://recercat.cat/oai/request</request><GetRecord><record><header><identifier>oai:recercat.cat:10230/33115</identifier><datestamp>2025-12-22T13:46:15Z</datestamp><setSpec>com_2072_6</setSpec><setSpec>col_2072_452952</setSpec></header><metadata><record xmlns="http://www.loc.gov/MARC21/slim" xmlns:dcterms="http://purl.org/dc/terms/" xmlns:xsi="http://www.w3.org/2001/XMLSchema-instance" xmlns:doc="http://www.lyncode.com/xoai" xsi:schemaLocation="http://www.loc.gov/MARC21/slim http://www.loc.gov/standards/marcxml/schema/MARC21slim.xsd">
   <leader>00925njm 22002777a 4500</leader>
   <datafield ind2=" " ind1=" " tag="042">
      <subfield code="a">dc</subfield>
   </datafield>
   <datafield ind2=" " ind1=" " tag="720">
      <subfield code="a">Nogueira, Waldo</subfield>
      <subfield code="e">author</subfield>
   </datafield>
   <datafield ind2=" " ind1=" " tag="720">
      <subfield code="a">Gajecki, Tom</subfield>
      <subfield code="e">author</subfield>
   </datafield>
   <datafield ind2=" " ind1=" " tag="720">
      <subfield code="a">Krüger, Benjamin</subfield>
      <subfield code="e">author</subfield>
   </datafield>
   <datafield ind2=" " ind1=" " tag="720">
      <subfield code="a">Janer Mestres, Jordi</subfield>
      <subfield code="e">author</subfield>
   </datafield>
   <datafield ind2=" " ind1=" " tag="720">
      <subfield code="a">Büchner, Andreas</subfield>
      <subfield code="e">author</subfield>
   </datafield>
   <datafield ind2=" " ind1=" " tag="260">
      <subfield code="c">2017-10-30T09:03:15Z</subfield>
   </datafield>
   <datafield ind2=" " ind1=" " tag="260">
      <subfield code="c">2017-10-30T09:03:15Z</subfield>
   </datafield>
   <datafield ind2=" " ind1=" " tag="260">
      <subfield code="c">2016</subfield>
   </datafield>
   <datafield ind2=" " ind1=" " tag="520">
      <subfield code="a">Comunicació presentada a la 12th ITG Conference on Speech Communication, celebrada els dies 5 a 7 d&amp;apos;octubre de 2016 a Paderborn, Alemanya.</subfield>
   </datafield>
   <datafield ind2=" " ind1=" " tag="520">
      <subfield code="a">The aim of this study is to investigate whether a source separation algorithm based on a deep recurrent neural network (DRNN) can provide a speech perception benefit for cochlear implant users when speech signals are mixed with another competing voice. The DRNN is based on an existing architecture that is used in combination with an extra masking layer for optimization. The approach has been evaluated using the HSM sentence test (male voice) mixed with a competing voice (female voice) for a monaural speech separation task. Two DRNNs with two levels of complexity have been used. The algorithms have been evaluated in 8 normal hearing listeners using a Vocoder and in 3 CI users. Both DRNNs show a large and significant improvement in speech intelligibility using Vocoded speech. Preliminary results in 3 CI users seem to confirm the improvement observed using Vocoded simulations.</subfield>
   </datafield>
   <datafield ind2=" " ind1=" " tag="520">
      <subfield code="a">This work was supported by the DFG Cluster of Excellence EXC 1077/1 Hearing4all.</subfield>
   </datafield>
   <datafield tag="653" ind2=" " ind1=" ">
      <subfield code="a">Música -- Anàlisi</subfield>
   </datafield>
   <datafield ind2="0" ind1="0" tag="245">
      <subfield code="a">Development of a sound coding strategy based on a deep recurrent neural network for monaural source separation in cochlear implants</subfield>
   </datafield>
</record></metadata></record></GetRecord></OAI-PMH>